000 00963nas a2200349 4500
001 BR9209586
003 BR-BrBNA
005 20231205093310.0
007 ta
008 230509b bl.|||p| |||| 00| 00por d
040 _aBR-BrBNA
_bpor
_cBiblioteca Nacional de Agricultura
041 _a(Pt)
072 _aH10
100 1 _aSantos, B.B. dos
245 1 _aArtropodos associados as plantas cultivadas no Estado do Parana; 2. cafeeiro e mandioca
650 _aCAFE
650 _aMANDIOCA
650 _aBROCA
650 _aMOSCA-DO-MEDITERRANEO
650 _aPERCEVEJO
650 _aCIGARRA
650 _aCOCHONILHA
650 _aBESOURO
650 _aTESOURINHA
650 _aFORMIGA
650 _aSAUVA
650 _aMANDAROVA
650 _aPARANÁ
773 0 _tRevista do Setor de Ciencias Agrarias (Brazil)
_xISSN 0100-607X
_g(1988), v. 10(1-2) p. 27-28
_wBR9209586
909 _a202311
_bLúcia
_c55
_dLúcia Elande
942 _2AGRIS
_n0
_cANA
999 _c137378
_d137378